Héroe de América

Đã lưu trong:
Chi tiết về thư mục
Tác giả chính: Carpentier, Alejo, 1904-1980
Định dạng: Không biết
Được phát hành: La Habana, Cuba: Instituto Cubano del Libro,
Những chủ đề:
Các nhãn: Thêm thẻ
Không có thẻ, Là người đầu tiên thẻ bản ghi này!

MARC

LEADER 000000000a22000000004500
001 001095
022 |a 0008-7157 
092 0 |a Casa de las Américas 
100 1 |a Carpentier, Alejo,   |d 1904-1980 
245 1 0 |a Héroe de América 
260 |a La Habana, Cuba:   |b Instituto Cubano del Libro, 
650 4 |a GUEVARA, ERNESTO, 1928-1967 
650 4 |a CORRESPONDENCIA 
773 0 |t Casa de la Américas 
773 0 |g número 46 
773 0 |g 1968- 
773 0 |g 5 - 6 páginas 
999 |c 1739  |d 1739